Uomini : romanzo anonimo /

Guardat en:
Dades bibliogràfiques
Autor principal: Boi, Giuseppe (Autor)
Format: Llibre
Idioma:italià
Publicat: Milano : Gitti Europa, 1991
Col·lecció:Collana scrittori anonimi. Letteratura
Etiquetes: Afegir etiqueta
Sense etiquetes, Sigues el primer a etiquetar aquest registre!

MARC

LEADER 00000nam a22000007i 4500
001 IT\ICCU\CFI\0221772
003 ItRI
005 20260115232304.0
008 930705s1991 it |||||| ||||| |||||c
040 |b ita  |c importazione bologna sebina 
041 7 |a ita  |2 ISO-639-2 
100 1 |a Boi, Giuseppe  |0 IT\ICCU\CFIV\122866  |4 aut 
245 1 0 |a Uomini :  |b romanzo anonimo /  |c Giuseppe Boi (pseudonimo). 
260 |a Milano :  |b Gitti Europa,  |c 1991 
300 |a 107 p. ;  |c 21 cm. 
830 0 |a Collana scrittori anonimi. Letteratura  |0 IT\ICCU\CFI\0228994 
942 |2 ddc  |c BK  |n 0 
952 |0 0  |1 0  |4 0  |6 DOC_853_914000000000000_BOI  |7 0  |9 23622  |a BO  |b BO  |d 2026-01-15  |i 2769  |l 0  |o DOC 853.914 BOI  |p BO2769  |r 2026-01-15 23:23:04  |w 2026-01-15  |x [Sebina 5] [1 v.]  |y BK  |z 1 v. 
999 |c 20116  |d 20116